<?xml version="1.0" encoding="UTF-8"?><?xml-stylesheet type="text/xsl" href="static/style.xsl"?><OAI-PMH xmlns="http://www.openarchives.org/OAI/2.0/" xmlns:xsi="http://www.w3.org/2001/XMLSchema-instance" xsi:schemaLocation="http://www.openarchives.org/OAI/2.0/ http://www.openarchives.org/OAI/2.0/OAI-PMH.xsd"><responseDate>2026-04-17T03:01:03Z</responseDate><request verb="GetRecord" identifier="oai:riubu.ubu.es:10259/5121" metadataPrefix="marc">https://riubu.ubu.es/oai/request</request><GetRecord><record><header><identifier>oai:riubu.ubu.es:10259/5121</identifier><datestamp>2024-07-16T11:41:15Z</datestamp><setSpec>com_10259_9397</setSpec><setSpec>com_10259_5087</setSpec><setSpec>com_10259_2728</setSpec><setSpec>col_10259_9398</setSpec></header><metadata><record xmlns="http://www.loc.gov/MARC21/slim" xmlns:doc="http://www.lyncode.com/xoai" xmlns:xsi="http://www.w3.org/2001/XMLSchema-instance" xmlns:dcterms="http://purl.org/dc/terms/" xsi:schemaLocation="http://www.loc.gov/MARC21/slim http://www.loc.gov/standards/marcxml/schema/MARC21slim.xsd">
<leader>00925njm 22002777a 4500</leader>
<datafield tag="042" ind1=" " ind2=" ">
<subfield code="a">dc</subfield>
</datafield>
<datafield tag="720" ind1=" " ind2=" ">
<subfield code="a">Pérez Ausejo, Marina</subfield>
<subfield code="e">author</subfield>
</datafield>
<datafield tag="520" ind1=" " ind2=" ">
<subfield code="a">El análisis de los parámetros físicos-químicos de la uva durante su maduración es de vital importancia para los viticultores, pues de él dependerá que el vino producido tenga unas características sensoriales u otras, y un mayor o menor grado alcohólico.&#xd;
En el presente trabajo, se utilizan técnicas de análisis basadas en los métodos oficiales, normalizados por la OIV, para la determinación de parámetros físicos (densidad, intensidad de color y tonalidad) y químicos (pH, acidez, azúcares totales, azúcares reductores, potasio, ácido málico y polifenoles totales) en uvas recogidas secuencialmente. &#xd;
Mediante un análisis multivariante basado en el análisis y regresión de componentes principales, se estudia la relación de esos parámetros con la maduración de las uvas, y cómo es su variación con el tiempo.</subfield>
</datafield>
<datafield tag="520" ind1=" " ind2=" ">
<subfield code="a">Analysis of physico-chemical parameters of grapes during their ripening is really important to vine growers because by checking them, the wine they produce will acquire different sensorial features and a higher or a lower alcoholic strength.&#xd;
Analytic techniques founded on official methods, normalized by OIV, are used to determine physical parameters (density, intensity and tonality of colour) and chemical parameters (pH, acidity, sugars, reducing sugars, potassium, malic acid and total polyphenols) analysed on grapes sequentially harvested.&#xd;
By doing a multivariate analysis based on principal component analysis and regression, it is possible to study how these parameters are related to the ripening of the grapes, and how they vary as ripening progress.</subfield>
</datafield>
<datafield tag="024" ind2=" " ind1="8">
<subfield code="a">http://hdl.handle.net/10259/5121</subfield>
</datafield>
<datafield ind1=" " ind2=" " tag="653">
<subfield code="a">uvas</subfield>
</datafield>
<datafield ind1=" " ind2=" " tag="653">
<subfield code="a">parámetros físico-químicos</subfield>
</datafield>
<datafield ind1=" " ind2=" " tag="653">
<subfield code="a">maduración</subfield>
</datafield>
<datafield ind1=" " ind2=" " tag="653">
<subfield code="a">análisis de componentes principales</subfield>
</datafield>
<datafield ind1=" " ind2=" " tag="653">
<subfield code="a">regresión de componentes principales</subfield>
</datafield>
<datafield ind1=" " ind2=" " tag="653">
<subfield code="a">grapes</subfield>
</datafield>
<datafield ind1=" " ind2=" " tag="653">
<subfield code="a">physico-chemical parameters</subfield>
</datafield>
<datafield ind1=" " ind2=" " tag="653">
<subfield code="a">ripening</subfield>
</datafield>
<datafield ind1=" " ind2=" " tag="653">
<subfield code="a">principal component analysis</subfield>
</datafield>
<datafield ind1=" " ind2=" " tag="653">
<subfield code="a">principal component regression</subfield>
</datafield>
<datafield tag="245" ind1="0" ind2="0">
<subfield code="a">Seguimiento multivariante de la maduración de las uvas</subfield>
</datafield>
</record></metadata></record></GetRecord></OAI-PMH>